| 000 | 00637nam a22001577a 4500 | ||
|---|---|---|---|
| 008 | 100509s2005 enk|||||s|||| 000 0 eng d | ||
| 082 |
_222 _a641.3 _bKRE |
||
| 100 |
_913843 _aKrebs, John |
||
| 245 |
_aThe Truth about Food/ _cJohn Krebs |
||
| 260 |
_aLondon: _bThe Royal Institution, 2005 _c2005 |
||
| 300 |
_a1videodisc : _b sd., col. ; _c4 3/4 in. + _e1 CD-ROM (4 3/4 in.) |
||
| 490 |
_aRoyal Institution Christmas Lectures 2005; _v5 |
||
| 710 |
_913778 _aRoyal Institution of Great Britain |
||
| 942 |
_2ddc _cDVD |
||
| 999 |
_c13967 _d13967 |
||